000 00666cam a2200193 a 4500
001 000003622
005 20200929150515.0
008 830505s1946 nyu 000 paeng
040 _aDO-SdBNP
_bspa
_cBNPHU
082 _a813.5
_bB465s
100 1 _aBenet, Stephen Vincent,
_d1898-1943.
_99910
245 1 4 _aThe Stephen Vincent Benet pocket book /
_cedición e introducción, Robert Van Gelder.
260 _aNew York :
_bPocket books,
_c1946.
300 _ax, 414 p. ;
_c16 cm.
650 4 _aCuentos estadounidenses
_93514
650 4 _aPoesía estadounidense
_96278
650 4 _aLiteratura estadounidense
_9263
700 1 _aVan Gelder, Robert,
_d1904-1952,
_eed.
_911135
999 _c3445
_d3445